Nové javy v ekonomike súčasného kapitalizmu a úloha štátu v ekonomike záverečná práca čiastkovej výskumnej úlohy ŠPZV VIII-3-13-2
Salvato in:
| Natura: | Libro |
|---|---|
| Lingua: | slovacco |
| Pubblicazione: |
Bratislava
Vysoká škola ekonomická
1980
|
| Tags: |
Nessun Tag, puoi essere il primo ad aggiungerne!!
|
MARC
| LEADER | 00000nam a2200000 4500 | ||
|---|---|---|---|
| 001 | c138842 | ||
| 005 | 20191112100653.8 | ||
| 041 | 0 | |a slo | |
| 044 | |a SK | ||
| 245 | 1 | 0 | |a Nové javy v ekonomike súčasného kapitalizmu a úloha štátu v ekonomike |b záverečná práca čiastkovej výskumnej úlohy ŠPZV VIII-3-13-2 |
| 264 | 1 | |a Bratislava |b Vysoká škola ekonomická |c 1980 | |
| 300 | |a 83 s. | ||